| 000 | 01161nam a2200397 i 4500 | ||
|---|---|---|---|
| 001 | 30572 | ||
| 003 | KOSZ 005 | ||
| 005 | 20201015103754.0 | ||
| 008 | s1994 pl a f |000 0 pol | ||
| 020 | _a019472064 | ||
| 040 |
_cKOSZ 005 _aKOSZ 005 _dKOSZ 005/EG |
||
| 041 | _apol | ||
| 046 | _k1994 | ||
| 080 | _a339 | ||
| 080 | _a651 | ||
| 080 | _a811.111 | ||
| 080 | _a(07) | ||
| 100 | 1 |
_aAshley, A. _eAutor |
|
| 245 | 1 | 0 |
_aA handbook commercial correspondence / _cA. Ashley. |
| 260 |
_aOxford : _bOxford Univ. Press, _c1994. |
||
| 300 |
_a297 s. ; _c20 cm. |
||
| 336 |
_2rdacontent _aTekst _btxt |
||
| 337 |
_2rdamedia _aBez urządzenia pośredniczącego _bn |
||
| 338 |
_2rdacarrier _aWolumin _bnc |
||
| 380 | _aKsiążki | ||
| 388 | _a1901-2000 | ||
| 388 | _a1989-2000 | ||
| 504 | _aIndeks. | ||
| 650 | 7 | _aJęzyk angielski | |
| 650 | 7 | _aKorespondencja handlowa | |
| 655 | 7 | _aPodręczniki | |
| 658 | _aJęzykoznawstwo | ||
| 710 | 2 |
_aOxford University Press _4pbl |
|
| 856 |
_uhttp://koha.tu.koszalin.pl/cgi-bin/koha/opac-detail.pl?biblionumber=30572 _yKatalog online BPK |
||
| 942 |
_cKS _2UKD |
||
| 999 |
_c30572 _d30572 |
||